Mathematical modelling and optimization of catalytic dewaxing of diesel oil cuts and atmospheric gas oil; Petroleum and Coal; Vol. 58, iss. 1

書誌詳細
Parent link:Petroleum and Coal
Vol. 58, iss. 1.— 2016.— [P. 126-134]
第一著者: Belinskaya N. S. Natalia Sergeevna
団体著者: Национальный исследовательский Томский политехнический университет (ТПУ) Институт природных ресурсов (ИПР) Кафедра химической технологии топлива и химической кибернетики (ХТТ)
要約:Title screen
The object of the present work is to develop the mathematical model of catalytic dewaxing ofdiesel oil cuts mixed with atmospheric gas oil. The considered process is aimed to produce componentsof diesel fuel with improved cold-flow properties. Thermodynamic and kinetic parametersof the model were determined, including changes in Gibbs free energy and rate constants ofreactions. The model was validated with full-scale experimental data and presented a satisfactorycorrespondence with an absolute error of hydrocarbon groups content calculation does notexceeding 1.16 wt.%. Using the developed model the influence of industrial unit operationalvariables on unbranched long-chain paraffins conversion degree and the influence of raw materialscomposition on the yield of hydrocarbon groups were studied. The raw materials consumption andtemperature optimization was performed for different raw materials compositions in order toobtain the best operating conditions for receiving diesel fuel components with improved cold-flowproperties (cloud point –26oC, cold filter plugging point –28oC, pour point –35oC).
Свободный доступ из сети Интернет
言語:英語
出版事項: 2016
主題:
オンライン・アクセス:http://www.vurup.sk/wp-content/uploads/dlm_uploads/2017/07/pc_1_2016_belinskaya_406.pdf
フォーマット: 電子媒体 図書の章
KOHA link:https://koha.lib.tpu.ru/cgi-bin/koha/opac-detail.pl?biblionumber=653510

MARC

LEADER 00000naa0a2200000 4500
001 653510
005 20260410071622.0
035 |a (RuTPU)RU\TPU\network\18982 
090 |a 653510 
100 |a 20170310d2016 k||y0rusy50 ba 
101 0 |a eng 
102 |a SK 
135 |a drcn ---uucaa 
181 0 |a i  
182 0 |a b 
200 1 |a Mathematical modelling and optimization of catalytic dewaxing of diesel oil cuts and atmospheric gas oil  |f N. S. Belinskaya 
203 |a Text  |c electronic 
300 |a Title screen 
320 |a [References: p. 133-134 (25 tit.)] 
330 |a The object of the present work is to develop the mathematical model of catalytic dewaxing ofdiesel oil cuts mixed with atmospheric gas oil. The considered process is aimed to produce componentsof diesel fuel with improved cold-flow properties. Thermodynamic and kinetic parametersof the model were determined, including changes in Gibbs free energy and rate constants ofreactions. The model was validated with full-scale experimental data and presented a satisfactorycorrespondence with an absolute error of hydrocarbon groups content calculation does notexceeding 1.16 wt.%. Using the developed model the influence of industrial unit operationalvariables on unbranched long-chain paraffins conversion degree and the influence of raw materialscomposition on the yield of hydrocarbon groups were studied. The raw materials consumption andtemperature optimization was performed for different raw materials compositions in order toobtain the best operating conditions for receiving diesel fuel components with improved cold-flowproperties (cloud point –26oC, cold filter plugging point –28oC, pour point –35oC). 
333 |a Свободный доступ из сети Интернет 
461 |t Petroleum and Coal 
463 |t Vol. 58, iss. 1  |v [P. 126-134]  |d 2016 
610 1 |a электронный ресурс 
610 1 |a труды учёных ТПУ 
610 1 |a катализаторы 
610 1 |a депарафинизация 
610 1 |a дизельное топливо 
610 1 |a математические модели 
700 1 |a Belinskaya  |b N. S.  |c chemist  |c Associate Professor of Tomsk Polytechnic University, Candidate of Technical Sciences  |f 1989-  |g Natalia Sergeevna  |y Tomsk  |3 (RuTPU)RU\TPU\pers\31267  |9 15445 
712 0 2 |a Национальный исследовательский Томский политехнический университет (ТПУ)  |b Институт природных ресурсов (ИПР)  |b Кафедра химической технологии топлива и химической кибернетики (ХТТ)  |3 (RuTPU)RU\TPU\col\18665 
801 2 |a RU  |b 63413507  |c 20200217  |g RCR 
856 4 |u http://www.vurup.sk/wp-content/uploads/dlm_uploads/2017/07/pc_1_2016_belinskaya_406.pdf 
942 |c CF